Automatizácia výrobných systémov robotmi
Poukázanie na niektoré aspekty automatizácie výrobných systémov robotmi, na vzťah "človek-robot-prostredie" a na trendy aplikácie robotov nových generácií. Automatizácia obsluhy konvenčnými robotmi - robotizácia. Aplikácie robotov novej generácie (Robot Assistants) na ručné pracoviská v rámci tzv. h...
Salvato in:
| Autore principale: | |
|---|---|
| Natura: | Capitolo di libro |
| Lingua: | slovacco |
| Soggetti: | |
| Tags: |
Nessun Tag, puoi essere il primo ad aggiungerne!!
|
MARC
| LEADER | 00000naa$a2200000$$$4500 | ||
|---|---|---|---|
| 001 | 0034119 | ||
| 005 | 20231018132823.8 | ||
| 041 | 0 | |a slo | |
| 044 | |a SK | ||
| 245 | 1 | 0 | |a Automatizácia výrobných systémov robotmi |c Darina Kumičáková |
| 520 | |a Poukázanie na niektoré aspekty automatizácie výrobných systémov robotmi, na vzťah "človek-robot-prostredie" a na trendy aplikácie robotov nových generácií. Automatizácia obsluhy konvenčnými robotmi - robotizácia. Aplikácie robotov novej generácie (Robot Assistants) na ručné pracoviská v rámci tzv. hybridnej automatizácie dáva predpoklady pružne zvládnuť požiadavky vyplývajúce zo zmien v procese výroby, súvisiacich najmä s variabilitou geometrie obrobkov (výrobkov) a funkčnosti výrobkov. | ||
| 610 | 2 | 0 | |a robotizácia |
| 610 | 2 | 0 | |a roboty |
| 610 | 2 | 0 | |a systémy výrobné |
| 610 | 2 | 0 | |a systémy výrobné automatizované |
| 610 | 2 | 0 | |a automatizácia výroby |
| 610 | 2 | 0 | |a obsluha výroby |
| 100 | 1 | |a Kumičáková, Darina | |